000 00925nam a2200217Ia 4500
008 0000002007 sp a 0000000000spa00
020 _a9788496838208
090 _aPSP00 S91t
100 1 _aSycet, Pablo
_d1953
245 1 0 _auna travesía del horizonte
_b: paisajes 1982 2007
_c/ Pablo Sycet ; fotografías Cristián Domecq
300 _a47 p.
_c/ 26 cm.
500 _aPortada autografiada con el siguiente texto: PAra Carlos Jimenez al comenzar el año. P 010609 \ Incluye datos biográficos y cronología artística \ Donación de Carlos Jiménez, 2012
600 0 0 _a SYCET, PABLO, 1953/
_xTRABAJOS PICTORICOS
650 1 4 _a PINTURA ESPAÑOLA
650 1 4 _aARTE CONTEMPORANEO ESPAÑOL
650 1 4 _aARTISTAS PLASTICOS ESPAÑOLES
650 1 4 _xCATALOGOS
650 1 4 _xEXPOSICIONES
650 1 4 _aPINTURA DE PAISAJES ESPAÑOLA
999 _c14192
_d14192
260 _aJerez : Ayuntamiento de Jerez Cultura y Fiestas
_c2007